000 00285nam a22001337a 4500
008 171215b xxu||||| |||| 00| 0 eng d
020 _a9780821919583
041 _aeng
080 _a78
100 _a45
101 _aMUZ
245 _aEN SUS MARCAS
_cFUNSTON.J.F
942 _2udc
_cBK
999 _c38970
_d38970